Der ägyptische König im Alten Reich : Terminologie und Phraseologie /
محفوظ في:
المؤلف الرئيسي:
التنسيق: كتاب
اللغة: German
منشور في:
Wiesbaden :
Harrassowitz,
2006.
سلاسل:
Philippika,
14.
الموضوعات:
الوسوم: إضافة وسم
لا توجد وسوم, كن أول من يضع وسما على هذه التسجيلة!
رقم الطلب: DS41 .P28 v.14
| LEADER | 00919nam a2200253Ia 4500 | ||
|---|---|---|---|
| 003 | OSt | ||
| 005 | 20260308090105.0 | ||
| 008 | 211223s2006 gw b 001 0 ger d | ||
| 020 | |a 9783447053952 | ||
| 020 | |a 344705395X | ||
| 040 | |c ARCE Library | ||
| 050 | 4 | |a DS41 .P28 v.14 | |
| 100 | 1 | |a Windus-Staginsky, Elka, |e author | |
| 245 | 1 | 4 | |a Der ägyptische König im Alten Reich : |b Terminologie und Phraseologie / |c Elka Windus-Staginsky. |h |
| 264 | 1 | |a Wiesbaden : |b Harrassowitz, |c 2006. | |
| 300 | |a 281 p. ; |b 24 cm. | ||
| 490 | 0 | |a Philippika, |x 1613-5628 ; |v 14. | |
| 500 | |a Originally presented as the author's thesis (doctoral)--Humboldt-Universität, Berlin, 2004/2005. | ||
| 504 | |a Includes bibliographical references (p. [255]-269) and index. | ||
| 650 | 0 | |a Pharaohs |x Titles. | |
| 651 | 0 | |a Egypt |x History |y Old Kingdom, ca. 2686-ca. 2181 B.C. | |
| 901 | |a reviewed | ||
| 942 | |2 lcc |c BK | ||
| 999 | |c 41325 |d 41325 | ||
